000 01435cam a22003734a 4500
999 _c3681
_d3681
001 13914665
003 Nust
005 20170105101222.0
008 050329s2006 nyuab b 001 0 eng
010 _a 2005047559
020 _a1403996008 (cloth)
020 _a1403996016 (paper)
020 _a9781403996008
020 _a9781403996015
035 _a(OCoLC)ocm58807356
040 _aDLC
_cDLC
_dC#P
_dBAKER
_dDLC
042 _apcc
050 0 0 _aHD82
_b.T48 2006
082 0 0 _a338.9/009172/4
_222
100 1 _aThirlwall, A. P.
245 1 0 _aGrowth & development, with special reference to developing economies /
_cA.P. Thirlwall.
246 3 _aGrowth and development, with special reference to developing economies
250 _a8th ed.
260 _aNew York :
_bPalgrave Macmillan,
_c2006.
300 _axxx, 685 p. :
_bill., map ;
_c25 cm.
504 _aIncludes bibliographical references (p. 615-644) and indexes.
650 0 _aEconomic development.
651 0 _aDeveloping countries
_xEconomic conditions.
856 4 2 _3Publisher description
_uhttp://www.loc.gov/catdir/enhancements/fy0624/2005047559-d.html
856 4 1 _3Table of contents only
_uhttp://www.loc.gov/catdir/enhancements/fy0624/2005047559-t.html
906 _a7
_bcbc
_corignew
_d1
_eocip
_f20
_gy-gencatlg
942 _2ddc
_cBK